000 00304nam a22001337a 4500
008 210428b ||||| |||| 00| 0 eng d
041 _aeng
080 _25th
_a53
082 _a53
100 _a43
101 _aFIZ
245 _aPhysical Science with Modern Applications
_cMerken, M
942 _2udc
_cBK
999 _c56880
_d56880